000 00375nam a2200145 i 4500
001 bg
245 0 _aAdministracja rok 1999 :
_bzbiór szkiców /
_cpod red. Zygmunta Rybickiego.
260 _aWarszawa,
_c1976.
700 1 _aRybicki, Zygmunt.
_eRed.
040 _cBPK
041 _apol
080 _a351/354:338.27
942 _cKS
008 s pl f |000 0 pol
999 _c9450
_d9450
856 _uhttp://koha.tu.koszalin.pl/cgi-bin/koha/opac-detail.pl?biblionumber=9450
_yKatalog online BPK